Financial accounting and reporting (Record no. 4925)

MARC details
000 -CABECERA
campo de control de longitud fija 02732aam a22002891i 4500
001 - NÚMERO DE CONTROL
campo de control 991007642989707026
003 - IDENTIFICADOR DEL NÚMERO DE CONTROL
campo de control UkOxU
005 - FECHA Y HORA DE LA ÚLTIMA TRANSACCIÓN
campo de control 20260309165719.0
006 - CÓDIGOS DE INFORMACIÓN DE LONGITUD FIJA--CARACTERÍSTICAS DEL MATERIAL ADICIONAL
campo de control de longitud fija m || d |
007 - CAMPO FIJO DE DESCRIPCIÓN FÍSICA--INFORMACIÓN GENERAL
campo de control de longitud fija cr |||||||||||
008 - DATOS DE LONGITUD FIJA--INFORMACIÓN GENERAL
campo de control de longitud fija 150731s2015 enk ob 001 0 eng d
020 ## - NÚMERO INTERNACIONAL ESTÁNDAR DEL LIBRO
Número Internacional Estándar del Libro 9781292399805
040 ## - FUENTE DE LA CATALOGACIÓN
Centro/agencia transcriptor tbs
041 ## - CÓDIGO DE LENGUA
Código de lengua del texto/banda sonora o título independiente English
050 14 - SIGNATURA TOPOGRÁFICA DE LA BIBLIOTECA DEL CONGRESO
Número de clasificación HF5636
Número de documento/Ítem .E47 2015
100 ## - ENTRADA PRINCIPAL--NOMBRE DE PERSONA
Nombre de persona Elliott, Barry
Término indicativo de función/relación author.
9 (RLIN) 6995
245 10 - MENCIÓN DE TÍTULO
Título Financial accounting and reporting
Mención de responsabilidad, etc. / Barry Elliott and Jamie Elliott.
250 ## - MENCIÓN DE EDICIÓN
Mención de edición Twentieth edition
264 #1 - PRODUCCIÓN, PUBLICACIÓN, DISTRIBUCIÓN, FABRICACIÓN Y COPYRIGHT
Producción, publicación, distribución, fabricación y copyright Harlow, Essex :
Nombre del de productor, editor, distribuidor, fabricante Pearson,
Fecha de producción, publicación, distribución, fabricación o copyright 2022
300 ## - DESCRIPCIÓN FÍSICA
Extensión xxix, 855 pages
504 ## - NOTA DE BIBLIOGRAFÍA, ETC.
Nota de bibliografía, etc. Includes bibliographical references and index.
505 ## - NOTA DE CONTENIDO CON FORMATO
Nota de contenido con formato Accounting and reporting on a cash flow basis — Accounting and reporting on an accrual accounting basis — Preparation of financial statements of comprehensive income, changes in equity and financial position — Annual Report: additional financial disclosures — Statements of cash flows — Part 2 — INCOME AND ASSET VALUE MEASUREMENT SYSTEMS — Income and asset value measurement: an economist's approach — Accounting for price-level changes — Revenue recognition — Part 3 — REGULATORY FRAMEWORK - AN ATTEMPT TO ACHIEVE UNIFORMITY — Financial reporting - evolution of global standards — Concepts - evolution of an international conceptual framework — Ethical behaviour and implications for accountants — Part 4 — STATEMENT OF FINANCIAL POSITION - EQUITY, LIABILITY AND ASSET MEASUREMENT AND DISCLOSURE — Share capital, distributable profits and reduction of capital — Liabilities — Financial instruments — Employee benefits — Taxation in company accounts — Property, plant and equipment (PPE) — Leasing — Intangible assets — Inventories — Construction contracts — Part 5 — CONSOLIDATED ACCOUNTS — Accounting for groups at the date of acquisition — Preparation of consolidated statements of financial position after the date of acquisition — Preparation of consolidated statements of income, changes in equity and cash flows — Accounting for associates and joint arrangements — Introduction to accounting for exchange differences — Part 6 — INTERPRETATION — Earnings per share — Review of financial statements for management purposes — Analysis of published financial statements — An introduction to financial reporting on the Internet — Part 7 — ACCOUNTABILITY — Corporate governance — Sustainability - environmental and social reporting — Index.
650 #0 - PUNTO DE ACCESO ADICIONAL DE MATERIA--TÉRMINO DE MATERIA
Término de materia o nombre geográfico como elemento de entrada Accounting
9 (RLIN) 103
650 #0 - PUNTO DE ACCESO ADICIONAL DE MATERIA--TÉRMINO DE MATERIA
Término de materia o nombre geográfico como elemento de entrada Financial statements
9 (RLIN) 2479
856 ## - LOCALIZACIÓN Y ACCESO ELECTRÓNICOS
Identificador Uniforme del Recurso <a href="https://bibliotheque.tbs-education.fr/Default/doc/SYRACUSE/3399601/financial-accounting-reporting-barry-elliott">https://bibliotheque.tbs-education.fr/Default/doc/SYRACUSE/3399601/financial-accounting-reporting-barry-elliott</a>
942 ## - ELEMENTOS DE ENTRADA AGREGADA (KOHA)
Fuente del sistema de clasificación o colocación Clasificación de Library of Congress
Holdings
Estado de retiro Estado de pérdida Fuente del sistema de clasificación o colocación Estado dañado No para préstamo Biblioteca de origen Biblioteca actual Fecha de adquisición Total de préstamos Fecha visto por última vez Número de copia Identificador Uniforme del Recurso Precio válido a partir de Tipo de ítem Koha Nota pública
    Clasificación de Library of Congress     TBS Barcelona TBS Barcelona 10/09/2025   10/09/2025 1 https://bibliotheque.tbs-education.fr/Default/doc/SYRACUSE/3399601/financial-accounting-reporting-barry-elliott 10/09/2025 eBook ebook

Powered by Koha